| 000 | 00910cab a2200229 4500 | ||
|---|---|---|---|
| 001 | WB2823-40 | ||
| 008 | 090401t1992 xxu||||| |||| 00| 0 eng d | ||
| 035 | _a(Sirsi) u33123 | ||
| 041 | _aeng | ||
| 245 | _aSection has executory relevance only | ||
| 260 | _c1992 | ||
| 350 | _a0 | ||
| 490 |
_aTimes _v8 June 1992, LT8(1) |
||
| 520 | _aIn "Tootal Clothing Ltd v Guinea Properties Management Ltd" CA 4 June 1992, it was held that Law of Property (Miscellaneous Provisions) Act 1989 s2 (superseding the Law of Property Act 1925 s40) has executory relevance. Once a contract has been completed, s2 of the 1989 Act is no longer relevant. | ||
| 650 |
_aContracts _96232 |
||
| 650 | _aEXECUTORY RELEVANCE | ||
| 650 | _aLAW OF PROPERTY (MISCELLANEOUS PROVISIONS) ACT 1989 S2 | ||
| 650 | _aLAW OF PROPERTY ACT 1925 S40 | ||
| 690 | _aPROPERTY LAW AND PRACTICE-CASE LAW | ||
| 942 | _n0 | ||
| 948 | _c04/03/1997 | ||
| 999 |
_c22142 _d22142 |
||